[Event "Interclubs Adultes"]
[Site "DEAUVILLE"]
[Date "25.??.??"]
[Round "3.2"]
[White "Todorov, Todor"]
[Black "Pujos, Stephane"]
[Result "1-0"]
[WhiteElo "2510"]
[BlackElo "2296"]
[PlyCount "49"]
[EventDate "25.??.??"]
[WhiteTeam "Drancy"]
[BlackTeam "Clichy II"]

1. e4 e5 2. Nf3 Nc6 3. Nc3 Nf6 4. d4 Bb4 5. Nxe5 Qe7 6. Qd3 Nxd4 7. Qxd4 Bc5 8.
Qd3 Qxe5 9. f4 Qe7 10. Be2 d6 11. Bd2 c6 12. O-O-O Bg4 13. e5 Bxe2 14. Qxe2 Nd7
15. exd6 Qxe2 16. Nxe2 Bxd6 17. Ba5 Be7 18. Rhe1 Nf6 19. Ng3 Kf8 20. Nf5 Bc5
21. Bc3 Rg8 22. b4 Bb6 23. Be5 Ne8 24. Rd7 Rd8 25. Bd6+ 1-0

[Event "Interclubs Adultes"]
[Site "DEAUVILLE"]
[Date "25.??.??"]
[Round "3.3"]
[White "Beudaert, Xavier"]
[Black "Legky, Nikolay A"]
[Result "0-1"]
[WhiteElo "2362"]
[BlackElo "2473"]
[PlyCount "80"]
[EventDate "25.??.??"]
[WhiteTeam "Clichy II"]
[BlackTeam "Drancy"]

1. Nf3 d5 2. c4 e6 3. g3 dxc4 4. Qa4+ Nd7 5. Qxc4 a6 6. Bg2 b5 7. Qc2 Bb7 8.
O-O Ngf6 9. Nc3 c5 10. a4 b4 11. Nd1 Be7 12. b3 O-O 13. Bb2 a5 14. Ne3 Qb6 15.
Rac1 Qa6 16. Nc4 Rac8 17. Ng5 Bxg2 18. Kxg2 Rfd8 19. Kg1 h6 20. Nf3 Nd5 21. Qe4
Bf6 22. Rc2 Bxb2 23. Nxb2 N5b6 24. Rfc1 c4 25. Nxc4 Nc5 26. Qh4 Nxb3 27. Rb1
Nxc4 28. Rxb3 Nb6 29. Nd4 Rd7 30. Nc6 Qxe2 31. Rb1 b3 32. Rc5 Rxd2 33. Qf4 Rd1+
34. Rxd1 Qxd1+ 35. Kg2 b2 36. Ne7+ Kf8 37. Ng6+ Ke8 38. Rxc8+ Nxc8 39. Qb8 Qd5+
40. f3 Qd2+ 0-1

[Event "Interclubs Adultes"]
[Site "DEAUVILLE"]
[Date "25.??.??"]
[Round "3.4"]
[White "Karr, Jean-Philippe"]
[Black "Silva, Sebastian"]
[Result "1/2-1/2"]
[WhiteElo "2394"]
[BlackElo "2369"]
[PlyCount "76"]
[EventDate "25.??.??"]
[WhiteTeam "Drancy"]
[BlackTeam "Clichy II"]

1. d4 Nf6 2. c4 e6 3. Nc3 Bb4 4. Qc2 O-O 5. a3 Bxc3+ 6. Qxc3 Ne4 7. Qc2 f5 8.
Nh3 d6 9. f3 Nf6 10. e3 e5 11. dxe5 dxe5 12. Be2 a5 13. b3 Qe7 14. O-O c5 15.
Nf2 Nc6 16. Bd3 g6 17. Re1 Be6 18. Bb2 Rad8 19. Qc3 h6 20. f4 exf4 21. exf4 Qf7
22. Re3 b6 23. Rae1 Nd4 24. Bb1 Rfe8 25. Bc1 Bc8 26. Nd3 Rxe3 27. Rxe3 Ne4 28.
Qe1 Qf6 29. Ne5 Bb7 30. Bxe4 Bxe4 31. Nxg6 Kh7 32. Nh4 Qc6 33. Rg3 Rg8 34. Rxg8
Kxg8 35. b4 axb4 36. axb4 Qd6 37. bxc5 bxc5 38. Qd2 Qf6 1/2-1/2

[Event "Interclubs Adultes"]
[Site "DEAUVILLE"]
[Date "25.??.??"]
[Round "3.5"]
[White "Daurelle, Herve"]
[Black "Borne, Niels"]
[Result "1/2-1/2"]
[WhiteElo "2263"]
[BlackElo "2324"]
[PlyCount "65"]
[EventDate "25.??.??"]
[WhiteTeam "Clichy II"]
[BlackTeam "Drancy"]

1. e4 c6 2. c4 d5 3. exd5 cxd5 4. cxd5 Nf6 5. Nc3 Nxd5 6. Nf3 e6 7. d4 Bb4 8.
Bd2 Nc6 9. Bd3 O-O 10. O-O Be7 11. a3 Bf6 12. Qc2 h6 13. Rad1 Nxd4 14. Nxd4
Bxd4 15. Nxd5 Qxd5 16. Bc3 e5 17. Be4 Qc5 18. Bh7+ Kh8 19. Bxd4 Qxc2 20. Bxc2
exd4 21. Rxd4 Be6 22. Be4 Rac8 23. Bxb7 Rb8 24. Be4 Rxb2 25. Ra4 a6 26. Rc1 Rb6
27. Bd3 Ra8 28. Ra5 g6 29. f4 Kg7 30. f5 gxf5 31. Bxf5 Rd8 32. Bxe6 Rxe6 33.
Rac5 1/2-1/2

[Event "Interclubs Adultes"]
[Site "DEAUVILLE"]
[Date "25.??.??"]
[Round "3.6"]
[White "Salaun, Yann"]
[Black "Mullon, Jean-Baptiste"]
[Result "1/2-1/2"]
[WhiteElo "2322"]
[BlackElo "2339"]
[PlyCount "100"]
[EventDate "25.??.??"]
[WhiteTeam "Drancy"]
[BlackTeam "Clichy II"]

1. d4 d5 2. Nf3 Nf6 3. c4 c6 4. e3 Bg4 5. Nbd2 e6 6. Bd3 Nbd7 7. O-O Bd6 8. Qb3
Qc7 9. h3 Bh5 10. Re1 O-O 11. e4 Bxf3 12. Nxf3 dxe4 13. Bxe4 Nxe4 14. Rxe4 c5
15. Be3 Rac8 16. Rd1 b6 17. Qd3 Nf6 18. Rh4 cxd4 19. Bxd4 e5 20. Bc3 Rfd8 21.
Qf5 Re8 22. Ng5 h6 23. Rxh6 gxh6 24. Qxf6 Bf8 25. Ne4 Bg7 26. Qf5 Re6 27. Rd3
Rg6 28. Rd7 Qxc4 29. h4 Qe6 30. Qxe6 Rxe6 31. Rxa7 Rd8 32. h5 f5 33. Nd2 Rf8
34. Nc4 Rf7 35. Ra6 e4 36. Bxg7 Kxg7 37. g3 Rc7 38. Ne3 Rc5 39. b4 Rc1+ 40. Kg2
Rf6 41. a4 Rb1 42. b5 f4 43. gxf4 Rxf4 44. Rxb6 Rb2 45. Rg6+ Kf8 46. Ng4 e3 47.
Nxe3 Rbxf2+ 48. Kg1 Re2 49. Ng2 Rxa4 50. Rxh6 Rg4 1/2-1/2

[Event "Interclubs Adultes"]
[Site "DEAUVILLE"]
[Date "25.??.??"]
[Round "3.7"]
[White "Coste, Thierry"]
[Black "Giffard, Nicolas"]
[Result "0-1"]
[WhiteElo "2192"]
[BlackElo "2387"]
[PlyCount "60"]
[EventDate "25.??.??"]
[WhiteTeam "Clichy II"]
[BlackTeam "Drancy"]

1. e4 c6 2. d4 d5 3. Nc3 dxe4 4. Bc4 Nf6 5. f3 b5 6. Bb3 exf3 7. Nxf3 e6 8. O-O
Be7 9. Ne2 c5 10. c3 Nc6 11. Qe1 O-O 12. Bc2 cxd4 13. Nexd4 Nxd4 14. Nxd4 Bb7
15. Qg3 Qd5 16. Be3 Nh5 17. Qh3 g6 18. Rae1 Bg5 19. Nf5 Bxe3+ 20. Nxe3 Qg5 21.
Rf2 Rad8 22. Ref1 Rd6 23. Ng4 Rd2 24. Bb3 Rxf2 25. Rxf2 Kg7 26. Ne3 Rd8 27. g4
Rd3 28. Nf5+ Qxf5 29. Qh4 Qe4 30. Kf1 Re3 0-1

[Event "Interclubs Adultes"]
[Site "DEAUVILLE"]
[Date "25.??.??"]
[Round "3.8"]
[White "Barakoff, Annie"]
[Black "Marchadour, Emilie"]
[Result "0-1"]
[WhiteElo "1670"]
[BlackElo "2123"]
[PlyCount "102"]
[EventDate "25.??.??"]
[WhiteTeam "Drancy"]
[BlackTeam "Clichy II"]

1. c4 e5 2. Nc3 Nf6 3. Nf3 Nc6 4. g3 d5 5. cxd5 Nxd5 6. Bg2 Nb6 7. O-O Be7 8.
a3 Be6 9. d3 O-O 10. b4 a6 11. Bb2 f6 12. Ne4 Qc8 13. Nc5 Bf7 14. Qc2 Nd7 15.
Nb3 Nb6 16. Nc5 Bxc5 17. bxc5 Nd7 18. Rfd1 Na5 19. Qc3 Nb3 20. Rab1 Ndxc5 21.
d4 Na4 22. Qe1 e4 23. Nd2 Nxb2 24. Rxb2 Nxd2 25. Qxd2 Bd5 26. e3 Qd7 27. Rc1 c6
28. Rb6 Qe7 29. Qb2 Rfb8 30. a4 Ra7 31. Bf1 Rd8 32. Rb1 Rd7 33. a5 f5 34. Qc3
g5 35. Bh3 Qf7 36. Qc5 Ra8 37. Qb4 Ra7 38. Qc5 Be6 39. Qe5 Ra8 40. Qc5 Re8 41.
Qb4 Ree7 42. Qe1 f4 43. Bxe6 Qxe6 44. Qf1 Rf7 45. Qg2 f3 46. Qf1 Qf5 47. h3
Qxa5 48. Qc4 Qf5 49. g4 Qa5 50. Rxb7 Rxb7 51. Rxb7 Qe1+ 0-1

[Event "Interclubs Adultes"]
[Site "GUINGAMP"]
[Date "25.??.??"]
[Round "3.1"]
[White "Le Roux, Jean-Pierre"]
[Black "Murey, Jacob"]
[Result "1-0"]
[WhiteElo "2477"]
[BlackElo "2417"]
[PlyCount "92"]
[EventDate "25.??.??"]
[WhiteTeam "Guingamp"]
[BlackTeam "Chess XV"]

1. Nf3 g6 2. d4 Bg7 3. Nc3 d5 4. e4 dxe4 5. Nxe4 Nc6 6. Bb5 Bd7 7. O-O a6 8.
Bc4 Bf5 9. Neg5 Nh6 10. c3 O-O 11. Re1 b5 12. Bf1 Ng4 13. a4 b4 14. h3 Nf6 15.
g4 Bd7 16. d5 Na5 17. cxb4 Nb7 18. Ne5 Nd6 19. Be3 Be8 20. Rc1 Qb8 21. Qb3 Qb7
22. Nc6 e5 23. Rc2 Bxc6 24. dxc6 Qc8 25. Bc5 h6 26. Nf3 e4 27. Nh4 Kh7 28. Bxd6
cxd6 29. b5 axb5 30. axb5 Ra5 31. Qb4 Ra2 32. b6 e3 33. c7 exf2+ 34. Rxf2 Qb7
35. Bg2 d5 36. Qd6 Ne4 37. Bxe4 dxe4 38. Nxg6 fxg6 39. Rxf8 Bxf8 40. Qd7+ Bg7
41. Qe6 Bd4+ 42. Kf1 Qa6+ 43. Kg2 Rxb2+ 44. Kh1 Qd3 45. Qd7+ Bg7 46. Qxd3 exd3
1-0

[Event "Interclubs Adultes"]
[Site "GUINGAMP"]
[Date "25.??.??"]
[Round "3.2"]
[White "Glicenstein, Asher"]
[Black "Dumitrache, Dragos-Nicolae"]
[Result "0-1"]
[WhiteElo "2250"]
[BlackElo "2485"]
[PlyCount "60"]
[EventDate "25.??.??"]
[WhiteTeam "Chess XV"]
[BlackTeam "Guingamp"]

1. d4 Nf6 2. c4 e6 3. Nf3 b6 4. Nc3 Bb7 5. Bg5 Be7 6. e3 c5 7. Bd3 O-O 8. O-O
cxd4 9. exd4 d5 10. Qe2 dxc4 11. Bxc4 Nc6 12. Rad1 Nb4 13. Ne5 Nfd5 14. Bd2 Rc8
15. Ne4 Nc6 16. Nf3 Re8 17. a3 Rc7 18. Rfe1 Rd7 19. Bb5 Rc7 20. h4 Qc8 21. h5
h6 22. b4 Rd8 23. Bd3 Nf6 24. Nxf6+ Bxf6 25. Qe4 Nxd4 26. Qh7+ Kf8 27. Nxd4
Bxd4 28. b5 Bc3 29. Rxe6 Qxe6 30. Bc4 Rxd2 0-1

[Event "Interclubs Adultes"]
[Site "GUINGAMP"]
[Date "25.??.??"]
[Round "3.3"]
[White "Terrieux, Kevin"]
[Black "Mayaud, Raphael"]
[Result "1-0"]
[WhiteElo "2367"]
[BlackElo "2205"]
[PlyCount "66"]
[EventDate "25.??.??"]
[WhiteTeam "Guingamp"]
[BlackTeam "Chess XV"]

1. d4 d5 2. c4 c6 3. cxd5 cxd5 4. Nf3 Nf6 5. Nc3 Nc6 6. Bf4 a6 7. e3 Bg4 8. Qb3
Na5 9. Qa4+ Bd7 10. Qc2 e6 11. Bd3 Be7 12. O-O Nc6 13. Qe2 O-O 14. Ne5 Nxe5 15.
Bxe5 Bc6 16. f4 Ne4 17. Bxe4 dxe4 18. f5 f6 19. Bg3 Bb4 20. fxe6 Bxc3 21. bxc3
Bd5 22. c4 Bxe6 23. d5 Bf7 24. Rfd1 Rc8 25. Rab1 Qd7 26. Rb6 Qa4 27. Rd4 Qd7
28. Qb2 Qg4 29. Rxb7 h5 30. Bd6 Rxc4 31. Rxc4 Qd1+ 32. Kf2 Bxd5 33. Rc1 Qd3 1-0

[Event "Interclubs Adultes"]
[Site "GUINGAMP"]
[Date "25.??.??"]
[Round "3.5"]
[White "Alanic, Xavier"]
[Black "Steimer, Michel"]
[Result "1-0"]
[WhiteElo "2266"]
[BlackElo "2163"]
[PlyCount "91"]
[EventDate "25.??.??"]
[WhiteTeam "Guingamp"]
[BlackTeam "Chess XV"]

1. c4 e5 2. Nc3 Nf6 3. g3 Nc6 4. Bg2 Bc5 5. e3 d5 6. cxd5 Nb4 7. d4 exd4 8.
exd4 Qe7+ 9. Nge2 Bxd4 10. O-O Bb6 11. Bf4 O-O 12. a3 Na6 13. b4 Re8 14. Qd3
Bg4 15. Nd4 Rad8 16. h3 Bh5 17. Nf5 Qd7 18. Ne3 c6 19. Bg5 Nc7 20. Bxf6 gxf6
21. Ne4 Rxe4 22. Bxe4 Bxe3 23. Qxe3 Nxd5 24. Bxd5 cxd5 25. g4 d4 26. Qf4 Bg6
27. Rad1 d3 28. Rd2 Qc6 29. Re1 Qc3 30. Kh2 Kg7 31. g5 fxg5 32. Qxg5 Rd7 33.
Qe5+ Qxe5+ 34. Rxe5 Kf6 35. Rc5 Ke6 36. Kg3 Kd6 37. Kf4 b6 38. Rc3 Ke6 39. Rc6+
Kd5 40. Rxg6 hxg6 41. Rxd3+ Ke6 42. Rxd7 Kxd7 43. Ke5 Ke7 44. Kd5 Kd7 45. b5
Kc7 46. Ke5 1-0

[Event "Interclubs Adultes"]
[Site "GUINGAMP"]
[Date "25.??.??"]
[Round "3.6"]
[White "Colson, Arnaud"]
[Black "Le Diouron, Aurelie"]
[Result "1/2-1/2"]
[WhiteElo "2143"]
[BlackElo "2022"]
[PlyCount "61"]
[EventDate "25.??.??"]
[WhiteTeam "Chess XV"]
[BlackTeam "Guingamp"]

1. e4 e5 2. Bc4 Nf6 3. d3 Bc5 4. Nc3 c6 5. Nf3 d6 6. O-O O-O 7. h3 Be6 8. Bxe6
fxe6 9. Na4 Bb4 10. c3 Ba5 11. b4 Bc7 12. Qe2 Nbd7 13. d4 exd4 14. cxd4 Nb6 15.
Nxb6 Bxb6 16. a4 a5 17. b5 cxb5 18. axb5 d5 19. Ng5 Re8 20. e5 Ne4 21. Nxe4
dxe4 22. Bb2 Qd5 23. Rfe1 Red8 24. Rad1 Rac8 25. Qxe4 Qxe4 26. Rxe4 Rd5 27. Ba3
Rxb5 28. Rg4 Rd5 29. Bd6 Ba7 30. h4 b5 31. h5 1/2-1/2

[Event "Interclubs Adultes"]
[Site "GUINGAMP"]
[Date "25.??.??"]
[Round "3.7"]
[White "Le Masle, Raphael"]
[Black "Roman, Dimitri"]
[Result "1/2-1/2"]
[WhiteElo "2079"]
[BlackElo "2083"]
[PlyCount "114"]
[EventDate "25.??.??"]
[WhiteTeam "Guingamp"]
[BlackTeam "Chess XV"]

1. e4 e5 2. Nf3 Nc6 3. Bb5 a6 4. Ba4 Nf6 5. O-O b5 6. Bb3 Be7 7. Re1 d6 8. c3
O-O 9. h3 Na5 10. Bc2 c5 11. d4 cxd4 12. cxd4 Bb7 13. d5 Qc7 14. Nbd2 Rac8 15.
Bd3 Nh5 16. g3 g6 17. Nf1 Nc4 18. b3 Nb6 19. Bd2 Bd8 20. Kg2 Nd7 21. Rc1 Nc5
22. Bh6 Ng7 23. Bxb5 axb5 24. b4 Be7 25. bxc5 dxc5 26. Qb3 Ra8 27. Qxb5 Rxa2
28. Ra1 Rxa1 29. Rxa1 Bc8 30. Qc6 Bd6 31. Ne3 Qxc6 32. dxc6 Be6 33. Ng4 Bb3 34.
Nfxe5 Rc8 35. Nf6+ Kh8 36. Ra7 Ne8 37. Nd5 Bxd5 38. exd5 c4 39. Nxf7+ Kg8 40.
Nxd6 Nxd6 41. Rd7 Ne8 42. Bg5 c3 43. Kf3 c2 44. Ke2 Nf6 45. d6 c1=Q 46. Bxc1
Nxd7 47. cxd7 Rd8 48. Bf4 Kf7 49. Be5 Rxd7 50. f4 Ke6 51. Kf3 Ra7 52. Kg4 Ra3
53. Kh4 Rd3 54. Kg4 h6 55. Kh4 Kf5 56. g4+ Ke6 57. Bg7 g5+ 1/2-1/2

[Event "Interclubs Adultes"]
[Site "GUINGAMP"]
[Date "25.??.??"]
[Round "3.8"]
[White "Danielyan, Siramarg"]
[Black "Josse, Mathilde"]
[Result "0-1"]
[WhiteElo "1499"]
[BlackElo "1711"]
[PlyCount "72"]
[EventDate "25.??.??"]
[WhiteTeam "Chess XV"]
[BlackTeam "Guingamp"]

1. e3 e5 2. d4 exd4 3. Qxd4 Nc6 4. Qd1 d5 5. b3 Be6 6. Bb5 Bb4+ 7. c3 Ba5 8.
Bxc6+ bxc6 9. Ba3 Ne7 10. Nf3 Bb6 11. Ne5 c5 12. O-O f6 13. Nd3 Qd6 14. Qh5+
Bf7 15. Qg4 O-O 16. Nf4 Nc6 17. Rd1 Ne5 18. Qh3 Qc6 19. Nd2 Rfd8 20. Nf3 Re8
21. Rd2 Rad8 22. Rad1 Rd6 23. Nxe5 fxe5 24. Nh5 Rh6 25. g4 Be6 26. Qf3 Bxg4 27.
Qxd5+ Qxd5 28. Rxd5 Bxd1 29. Ng3 Bf3 30. Rd7 Rd6 31. Rxd6 cxd6 32. Nf5 Re6 33.
c4 Bd8 34. h3 Rg6+ 35. Kf1 a5 36. Nh4 Bxh4 0-1

[Event "Interclubs Adultes"]
[Site "GUINGAMP"]
[Date "25.??.??"]
[Round "3.1"]
[White "Bojkov, Dejan"]
[Black "David, Vincent"]
[Result "1-0"]
[WhiteElo "2520"]
[BlackElo "2396"]
[PlyCount "69"]
[EventDate "25.??.??"]
[WhiteTeam "Migné-Auxances"]
[BlackTeam "Niort"]

1. e4 e6 2. d4 d5 3. Nc3 dxe4 4. Nxe4 Nd7 5. Nf3 Ngf6 6. Nxf6+ Nxf6 7. c3 c5 8.
Ne5 a6 9. Be3 Qc7 10. Qa4+ Bd7 11. Nxd7 Nxd7 12. g3 O-O-O 13. Bg2 Nb6 14. Qa5
Nd5 15. Qxc7+ Kxc7 16. Bxd5 Rxd5 17. c4 Rd8 18. O-O-O Kc6 19. Kc2 b6 20. Rd3
Be7 21. Rhd1 cxd4 22. Bxd4 f6 23. f4 h5 24. Re1 Rd6 25. Bf2 Rhd8 26. Rxd6+ Rxd6
27. b4 Kd7 28. Kc3 b5 29. c5 Rd5 30. Bd4 Bd8 31. a4 g5 32. axb5 axb5 33. fxg5
e5 34. Be3 fxg5 35. Ra1 1-0

[Event "Interclubs Adultes"]
[Site "GUINGAMP"]
[Date "25.??.??"]
[Round "3.2"]
[White "Stets, Dmitry"]
[Black "Inkiov, Ventzislav"]
[Result "1-0"]
[WhiteElo "2426"]
[BlackElo "2453"]
[PlyCount "107"]
[EventDate "25.??.??"]
[WhiteTeam "Niort"]
[BlackTeam "Migné-Auxances"]

1. e4 c5 2. Nf3 d6 3. d4 cxd4 4. Nxd4 Nf6 5. Nc3 Nc6 6. Bg5 e6 7. Qd2 Be7 8.
O-O-O O-O 9. Nb3 Qb6 10. h4 Rd8 11. h5 d5 12. exd5 exd5 13. Bxf6 Bxf6 14. h6 g6
15. Nxd5 Rxd5 16. Qxd5 Bg4 17. Re1 Qxf2 18. Bc4 Be6 19. Qe4 Re8 20. Rhf1 Bg5+
21. Kb1 Qg3 22. Rxf7 Qxe1+ 23. Qxe1 Kxf7 24. Qf1+ Ke7 25. Nc5 Bxc4 26. Qxc4 Kd6
27. Ne4+ Kc7 28. b4 b5 29. Qxb5 Rxe4 30. Qxg5 Rxb4+ 31. Kc1 Rd4 32. Qf6 Rd7 33.
Kb2 Re7 34. g4 Re4 35. g5 Re5 36. Kc3 Kb6 37. Qf4 Re7 38. Kc4 Rd7 39. Qf6 Rf7
40. Qb2+ Kc7 41. Kd5 Re7 42. Qc3 Rd7+ 43. Ke6 Re7+ 44. Kf6 Rd7 45. Qc5 Kb7 46.
Ke6 Kc7 47. a4 a5 48. c3 Rd8 49. Kf7 Rd7+ 50. Kg8 Kb7 51. Qb5+ Kc7 52. Qc4 Re7
53. Qd5 Ne5 54. Kf8 1-0

[Event "Interclubs Adultes"]
[Site "GUINGAMP"]
[Date "25.??.??"]
[Round "3.3"]
[White "Bedouin, Xavier"]
[Black "Demuth, Adrien"]
[Result "1-0"]
[WhiteElo "2342"]
[BlackElo "2256"]
[PlyCount "55"]
[EventDate "25.??.??"]
[WhiteTeam "Migné-Auxances"]
[BlackTeam "Niort"]

1. e4 c5 2. c3 Nf6 3. e5 Nd5 4. Nf3 Nc6 5. Bc4 Nb6 6. Bb3 c4 7. Bc2 Qc7 8. Qe2
g5 9. Na3 g4 10. Nb5 Qb8 11. Ng5 Nxe5 12. O-O Rg8 13. f4 Ng6 14. d3 d6 15. Ne4
Bg7 16. Nbxd6+ Kf8 17. Nxc4 Nxc4 18. dxc4 Qc7 19. Be3 Nh4 20. Ng3 Be6 21. c5
Qc6 22. Be4 Qa4 23. Rfd1 Rb8 24. f5 Bc4 25. Qf2 Ba6 26. Bg5 Bf6 27. Bxf6 exf6
28. Qf4 1-0

[Event "Interclubs Adultes"]
[Site "GUINGAMP"]
[Date "25.??.??"]
[Round "3.5"]
[White "Saada, Julien"]
[Black "Alet, Jean-Pierre"]
[Result "1/2-1/2"]
[WhiteElo "2257"]
[BlackElo "2192"]
[PlyCount "72"]
[EventDate "25.??.??"]
[WhiteTeam "Migné-Auxances"]
[BlackTeam "Niort"]

1. d4 Nf6 2. Bg5 e6 3. e4 h6 4. Bxf6 Qxf6 5. c3 c5 6. Nf3 cxd4 7. cxd4 Bb4+ 8.
Nc3 Bxc3+ 9. bxc3 d6 10. Qa4+ Nc6 11. e5 dxe5 12. Nxe5 O-O 13. Ng4 Qf4 14. Ne3
e5 15. g3 Qe4 16. Bg2 Qd3 17. Qc2 Qxc2 18. Nxc2 exd4 19. Bxc6 bxc6 20. cxd4 Be6
21. O-O Rfb8 22. Rfc1 Rb2 23. a3 Rd8 24. Rab1 Rdb8 25. Rxb2 Rxb2 26. Nb4 Rb3
27. Nxc6 Rxa3 28. d5 Bh3 29. Ne5 f6 30. Ng6 Ra6 31. Nf4 Bd7 32. Rc7 Rd6 33.
Rxa7 g5 34. Nh5 Kf7 35. g4 Rxd5 36. Kg2 Rd6 1/2-1/2

[Event "Interclubs Adultes"]
[Site "GUINGAMP"]
[Date "25.??.??"]
[Round "3.6"]
[White "Voisembert, Alain"]
[Black "Borzakian, Manouk"]
[Result "0-1"]
[WhiteElo "2127"]
[BlackElo "2223"]
[PlyCount "58"]
[EventDate "25.??.??"]
[WhiteTeam "Niort"]
[BlackTeam "Migné-Auxances"]

1. e4 d6 2. d4 Nf6 3. Nc3 g6 4. Nf3 Bg7 5. Bc4 Nc6 6. O-O O-O 7. h3 Nxe4 8.
Nxe4 d5 9. Bxd5 Qxd5 10. Nc3 Qc4 11. Qe2 Be6 12. Rd1 Qxe2 13. Nxe2 Bc4 14. Nc3
Rfd8 15. Be3 Nb4 16. Rd2 Nd5 17. Nxd5 Bxd5 18. Ne5 b6 19. Rad1 a5 20. c4 Bb7
21. b3 e6 22. a4 f6 23. Nf3 Bf8 24. Bf4 Rd7 25. Rd3 Rad8 26. Be3 Kf7 27. R3d2
Bb4 28. Re2 c5 29. Bd2 Bxf3 0-1

[Event "Interclubs Adultes"]
[Site "GUINGAMP"]
[Date "25.??.??"]
[Round "3.7"]
[White "Picard, Clement"]
[Black "Do, Huu-Thi"]
[Result "1/2-1/2"]
[WhiteElo "2185"]
[BlackElo "2162"]
[PlyCount "86"]
[EventDate "25.??.??"]
[WhiteTeam "Migné-Auxances"]
[BlackTeam "Niort"]

1. e4 e6 2. d4 c5 3. Nf3 cxd4 4. Nxd4 a6 5. Be2 Nf6 6. Nc3 Qc7 7. O-O Bc5 8.
Bg5 Nc6 9. Bxf6 gxf6 10. Nb3 Ba7 11. a4 h5 12. Kh1 Ne5 13. f4 Ng6 14. Qd2 Bb8
15. g3 h4 16. Kg2 Rg8 17. Kh1 hxg3 18. hxg3 Ba7 19. Rad1 Ke7 20. Nc1 b5 21.
axb5 Bb7 22. bxa6 Rg7 23. Bh5 Rh8 24. g4 Bxa6 25. Nd3 f5 26. exf5 Rxh5+ 27.
gxh5 Bb7+ 28. Kh2 Nh4 29. Ne5 d6 30. Nb5 Qb6 31. Qxd6+ Qxd6 32. Nxd6 Ba8 33.
Nc8+ Kf6 34. Nxa7 Rg2+ 35. Kh3 Nxf5 36. Rd3 Rxc2 37. Rg1 Be4 38. Rd7 Nh6 39. b4
Rc3+ 40. Kh4 Nf5+ 41. Kg4 Nh6+ 42. Kh4 Nf5+ 43. Kg4 Nh6+ 1/2-1/2

[Event "Interclubs Adultes"]
[Site "GUINGAMP"]
[Date "25.??.??"]
[Round "3.8"]
[White "Marchais, Aurelie"]
[Black "Boulan, Laura"]
[Result "1/2-1/2"]
[WhiteElo "1777"]
[BlackElo "1895"]
[PlyCount "74"]
[EventDate "25.??.??"]
[WhiteTeam "Niort"]
[BlackTeam "Migné-Auxances"]

1. e4 e5 2. Nc3 Nf6 3. g3 d5 4. exd5 Nxd5 5. Bg2 Nxc3 6. bxc3 Bd6 7. Ne2 O-O 8.
O-O c6 9. d3 Nd7 10. c4 Nc5 11. Nc3 Ne6 12. a4 Re8 13. Ne4 Bc7 14. Qh5 f6 15.
Bd2 Nd4 16. Ra2 Be6 17. c3 Bf7 18. Qd1 Ne6 19. Be3 Bb6 20. Rb2 f5 21. c5 Bc7
22. Nd6 Bxd6 23. cxd6 Qxd6 24. Rxb7 f4 25. Bc1 Reb8 26. Rxb8+ Rxb8 27. Qf3 Be8
28. gxf4 exf4 29. Bh3 Ng5 30. Qg4 Nxh3+ 31. Qxh3 Bd7 32. Qf3 Rf8 33. Re1 Qg6+
34. Kh1 c5 35. Qd5+ Rf7 36. Qa8+ Rf8 37. Qd5+ Rf7 1/2-1/2

[Event "Interclubs Adultes"]
[Site "GUINGAMP"]
[Date "25.??.??"]
[Round "3.1"]
[White "Maleki, Manuel"]
[Black "Petkov, Vladimir"]
[Result "0-1"]
[WhiteElo "2189"]
[BlackElo "2508"]
[PlyCount "28"]
[EventDate "25.??.??"]
[WhiteTeam "Tours"]
[BlackTeam "C.E. Nantes"]

1. Nf3 d5 2. d4 Nf6 3. c4 e6 4. Nc3 Bb4 5. Qa4+ Nc6 6. Ne5 Bd7 7. Nxd7 Qxd7 8.
a3 Bxc3+ 9. bxc3 O-O 10. e3 e5 11. cxd5 Nxd5 12. Bd2 Rfe8 13. Be2 Rad8 14. O-O
Nxd4 0-1

[Event "Interclubs Adultes"]
[Site "GUINGAMP"]
[Date "25.??.??"]
[Round "3.2"]
[White "Grigorov, Grigor"]
[Black "Menager, Erwan"]
[Result "1-0"]
[WhiteElo "2452"]
[BlackElo "2144"]
[PlyCount "83"]
[EventDate "25.??.??"]
[WhiteTeam "C.E. Nantes"]
[BlackTeam "Tours"]

1. d4 Nf6 2. c4 c5 3. d5 b5 4. cxb5 a6 5. bxa6 g6 6. Nc3 Bxa6 7. g3 d6 8. Bg2
Bg7 9. Nf3 Nbd7 10. Rb1 Qa5 11. O-O O-O 12. Bd2 Rfb8 13. Qc2 Nb6 14. b3 Bb7 15.
a4 Qa6 16. e4 Rc8 17. Rfe1 Ne8 18. Bh3 Rd8 19. Bf1 Qa7 20. Nb5 Qb8 21. a5 Nd7
22. Na3 Nc7 23. b4 cxb4 24. Rxb4 Nc5 25. Reb1 Qc8 26. Rb6 Ba6 27. Bxa6 N7xa6
28. Kg2 Qg4 29. Re1 Rdb8 30. h3 Qd7 31. Reb1 Rc8 32. Nb5 Qe8 33. Nbd4 Na4 34.
Rc6 N4c5 35. Rbb6 Rxc6 36. Nxc6 Kf8 37. Qc4 Qd7 38. Be3 Bf6 39. Bxc5 Nxc5 40.
a6 Qc7 41. Qb5 Kg7 42. e5 1-0

[Event "Interclubs Adultes"]
[Site "GUINGAMP"]
[Date "25.??.??"]
[Round "3.4"]
[White "Crouan, Stephane"]
[Black "Varlet, Nicolas"]
[Result "1-0"]
[WhiteElo "2207"]
[BlackElo "2144"]
[PlyCount "79"]
[EventDate "25.??.??"]
[WhiteTeam "C.E. Nantes"]
[BlackTeam "Tours"]

1. e4 e6 2. d4 d5 3. Nc3 Bb4 4. Bd3 c5 5. dxc5 d4 6. a3 Bxc5 7. Nce2 Nc6 8. Nf3
a5 9. Ng3 Qd6 10. O-O Bd7 11. Re1 e5 12. Nf5 Qf8 13. c3 g6 14. cxd4 gxf5 15.
dxc5 f4 16. Qb3 Qxc5 17. Bd2 Nf6 18. Qc3 Qe7 19. b4 Rc8 20. Bb5 O-O 21. Bxc6
Bxc6 22. Qxe5 Qxe5 23. Nxe5 Bxe4 24. Bxf4 axb4 25. axb4 Rfe8 26. Re3 Nh5 27.
Rxe4 Nxf4 28. Rxf4 Rxe5 29. g3 Kg7 30. Rd1 Rc7 31. Rd6 b5 32. Kg2 f5 33. Rb6
Rd7 34. h4 h5 35. Rc6 Rf7 36. Rd4 f4 37. gxf4 Ref5 38. Kf3 Ra7 39. Re6 Kf7 40.
Re5 1-0

[Event "Interclubs Adultes"]
[Site "GUINGAMP"]
[Date "25.??.??"]
[Round "3.5"]
[White "Carvallo, Henri"]
[Black "Rihouay, Clement"]
[Result "1/2-1/2"]
[WhiteElo "2156"]
[BlackElo "2185"]
[PlyCount "33"]
[EventDate "25.??.??"]
[WhiteTeam "Tours"]
[BlackTeam "C.E. Nantes"]

1. d4 Nf6 2. Nf3 e6 3. Bf4 c5 4. e3 b6 5. c3 Be7 6. h3 Bb7 7. Bd3 O-O 8. O-O
Nc6 9. a3 d5 10. Nbd2 Qc8 11. Qe2 a5 12. Ne5 Nxe5 13. dxe5 Ne4 14. Nxe4 dxe4
15. Bb5 Qc7 16. Rfd1 Rfd8 17. Rxd8+ 1/2-1/2

[Event "Interclubs Adultes"]
[Site "GUINGAMP"]
[Date "25.??.??"]
[Round "3.6"]
[White "Marchadour, Claire"]
[Black "Babuty, Antoine"]
[Result "1-0"]
[WhiteElo "2064"]
[BlackElo "1940"]
[PlyCount "91"]
[EventDate "25.??.??"]
[WhiteTeam "C.E. Nantes"]
[BlackTeam "Tours"]

1. e4 e5 2. Nf3 Nc6 3. d4 exd4 4. Nxd4 Bc5 5. Nxc6 bxc6 6. Nc3 Ne7 7. Bc4 d6 8.
O-O Be6 9. Bxe6 fxe6 10. Na4 Bb6 11. Nxb6 axb6 12. Qg4 Qd7 13. Qxg7 O-O-O 14.
Bg5 Rde8 15. Bxe7 Qxe7 16. Qxe7 Rxe7 17. a4 d5 18. a5 Kb7 19. axb6 cxb6 20.
exd5 cxd5 21. f4 Rf8 22. Rae1 Kc6 23. g3 Kd6 24. Kg2 Ref7 25. c3 Rf6 26. Re5
Ra8 27. Rf2 Ra2 28. Kf3 Ra4 29. Rd2 b5 30. Rg5 h6 31. Rg8 Kc7 32. Rd4 Rc4 33.
Ke3 Rc6 $11 34. g4 Rf7 35. Rg6 Rh7 36. h4 Kd7 37. Rb4 Rc5 38. Kd4 Rc4+ 39. Rxc4
bxc4 40. Ke5 h5 41. g5 Rf7 42. Rf6 Re7 43. g6 Re8 44. Rf7+ Re7 45. Rxe7+ Kxe7
46. g7 1-0

[Event "Interclubs Adultes"]
[Site "GUINGAMP"]
[Date "25.??.??"]
[Round "3.7"]
[White "Barta, Ismael"]
[Black "Martinez, Jean-Philippe"]
[Result "0-1"]
[WhiteElo "1399"]
[BlackElo "2077"]
[PlyCount "44"]
[EventDate "25.??.??"]
[WhiteTeam "Tours"]
[BlackTeam "C.E. Nantes"]

1. e4 c5 2. Bb5 g6 3. d4 Bg7 4. dxc5 Qa5+ 5. c3 Qxb5 6. Nf3 Nf6 7. e5 Ng4 8.
Qd4 h5 9. h3 Nc6 10. Qd5 Ngxe5 11. Qb3 Nd3+ 12. Kd1 Nxf2+ 13. Ke1 Qxb3 14. axb3
Nxh1 15. Bf4 h4 16. Nbd2 Ng3 17. Nc4 Nh5 18. Bg5 Bf6 19. Be3 O-O 20. Rd1 Ng3
21. Bh6 Rd8 22. Ng5 Nf5 0-1

[Event "Interclubs Adultes"]
[Site "GUINGAMP"]
[Date "25.??.??"]
[Round "3.8"]
[White "Grill, Marc"]
[Black "Babuty, Adele"]
[Result "1-0"]
[WhiteElo "2151"]
[BlackElo "1370"]
[PlyCount "55"]
[EventDate "25.??.??"]
[WhiteTeam "C.E. Nantes"]
[BlackTeam "Tours"]

1. e4 e5 2. Nf3 Nc6 3. Bc4 h6 4. O-O Nf6 5. d4 exd4 6. e5 d5 7. Bb5 Ne4 8. Nxd4
Bd7 9. Bxc6 bxc6 10. f3 Ng5 11. f4 Ne4 12. Be3 Bc5 13. Nd2 Nxd2 14. Qxd2 Bb6
15. Nb3 Bc8 16. Bc5 Be6 17. f5 Bc8 18. Rae1 Ba6 19. Rf3 Bc4 20. Qf2 Rf8 21. f6
Bxb3 22. axb3 Rg8 23. e6 d4 24. exf7+ Kxf7 25. Re7+ Kg6 26. Qg3+ Kh7 27. Rxg7+
Rxg7 28. Qxg7# 1-0